| 000 | 00359 a2200133 4500 | ||
|---|---|---|---|
| 003 | Nust | ||
| 005 | 20170207154236.0 | ||
| 040 | _cNust | ||
| 082 | _a799 | ||
| 245 |
_aEGYPT Delegation Photo (Album Vol No.1,1997) _cMCS |
||
| 260 |
_aRawalpindi _bMCS _c26-09-1997 |
||
| 650 | _aPictures of Visit of Egypt Delegation to MCS,(Soft Copy) CD-01 | ||
| 651 | _aSweet Memories -MCS | ||
| 942 | _cBK | ||
| 999 |
_c196118 _d196118 |
||